1419 1561 1894 1726 1589 1683 1210 1921 1142 1880 1056 1980 1297 1626 1631 1656 1462 1319 1745 1370 1852 1980 1560 1738 1654 1178 1350 1831 1333 1251 1164 1014 1123 1982 1379 1201 1404 1292 1081 1667 1648 1445 1002 1646 1733 1300 1804 1523 1650 1794 1857 1260 1176 1225 1583 1993 1738 1229 1714 1076 1772 1343 1693 1502 1371 1372 1291 1489 1184 1725 1607 1998 1154 1084 1102 1314 1538 1449 1525 1573 1246 1124 1577 1003 1327 1528 1445 1278 1753 1468 1523 1728 1440 1291 1127 1861 1809 1911 1598 BCNSPRNW ULIB Ver.6.0+V

เปลี่ยนเป็นภาษาไทย

Change to English
 แสดงรายละเอียดบรรณานุกรม
  กลับหน้าหลัก

Brief Record : Get Marc (ISO 2709) : E-mail record : QR code < ปิดหน้าต่าง
LEADER : 00000nam 2200000uu 4500
001    13399128060
003     ULIB
008    220202s2563||||th 000 0 tha d
020    ^a9786169349747
050    ^aนว.^bร-ม
100    ^aรางนาก
245    ^aม่านมนตกานต์
250    ^aพิมพ์ครั้งที่ 1
260    ^aกรุงเทพฯ :^bปลายปากกา,^c2563
300    ^a254 หน้า;^b21 ซม.
650    ^aนวนิยาย
945    ^p308^l0^i29205
999    ^aกัณชพร จุลอักษร
รายการนี้ยังไม่มีแท็ก
คุณยังไม่ได้ล็อกอิน คุณสามารถมีกิจกรรมร่วมกับเว็บไซต์ได้ แต่ต้องล็อกอินก่อน ::
  ล็อกอิน

รายการสื่อสารสนเทศ

ลำดับที่ ประเภท เลขเรียก/บาร์โค้ด สถานที่ สถานะ
1. วิทยาศาสตร์การแพทย์ และสุขภาพ
วิทยาศาสตร์การแพทย์ และสุขภาพ
นว. ร-ม ฉ.1 
  Barcode: 29205
ห้องสมุดวิทยาเขตนครสวรรค์
►นวนิยาย:l:Fiction
บนชั้น

รายการใกล้เคียง
    ชื่อเรื่อง [ม่านมนตกานต์]

    ผู้แต่ง [รางนาก]

    หัวเรื่อง [นวนิยาย]

BibComment


ยังไม่เคยถูกคอมเมนท์

คอมเมนท์ทรัพยากรรายการนี้
  คอมเมนท์: ม่านมนตกานต์


 Copyright 2026. Bcnsprnw @Library